Expedición Colombia (Registro nro. 12867)
[ vista simple ]
| 000 - LÍDER | |
|---|---|
| campo de control de longitud fija | 01708nam a2200361 a 4500 |
| 003 - IDENTIFICADOR DE NÚMERO DE CONTROL | |
| campo de control | OSt |
| 005 - FECHA Y HORA DE LA ÚLTIMA TRANSACCIÓN | |
| campo de control | 20210818181842.0 |
| 008 - ELEMENTOS DE DATOS DE LONGITUD FIJA - INFORMACIÓN GENERAL | |
| campo de control de longitud fija | 101207s2010 ck a bgr 00110 spa d |
| 020 ## - INTERNATIONAL STANDARD BOOK NUMBER | |
| International Standard Book Number | 9789587062359 |
| 040 ## - FUENTE DE CATALOGACIÓN | |
| Lenguaje de catalogación | spa |
| 041 ## - CÓDIGO DE LENGUAJE | |
| Código de idioma de texto / pista de sonido o título separado | spa |
| 082 04 - NÚMERO DE CLASIFICACIÓN DECIMAL DEWEY | |
| Número de clasificación | 918.61 |
| Número de artículo | E96e |
| 245 10 - TÍTULO DECLARACIÓN | |
| Título | Expedición Colombia |
| Resto del título | fauna, flora y áreas protegidas de nuestro país |
| Declaración de responsabilidad | investigación y textos biodiversidad Instituto de Investigación de Recursos Biológicos "Alexander von Humboldt" ; investigación y textos Parques Nacionales Naturales de Colombia Ángela Echeverry Atehortúa, Clara Esperanza Osorio Dussán ; ilustraciones David Niño Medina ... [et al.] |
| 250 ## - DECLARACIÓN DE EDICIÓN | |
| Sentencia de edición | Edición Andrés Castillo Brieva |
| 260 3# - PUBLICACIÓN, DISTRIBUCIÓN | |
| Lugar de publicación | Bogotá |
| Nombre del editor | Casa Editorial El Tiempo |
| -- | Genfar |
| Fecha de publicación | 2010 |
| 300 ## - DESCRIPCIÓN FÍSICA | |
| Alcance | 351 páginas |
| Otros datos físicos | ilustraciones, mapas |
| Dimensiones | 31 cm. |
| 500 ## - NOTA GENERAL | |
| Nota general | Incluye índice |
| 650 ## - ENTRADA DE SUJETO AÑADIDO - TÉRMINO TÓPICO | |
| Término tópico o elemento de entrada del nombre geográfico | Flora |
| Subdivisión geográfica | Colombia. |
| 650 ## - ENTRADA DE SUJETO AÑADIDO - TÉRMINO TÓPICO | |
| Término tópico o elemento de entrada del nombre geográfico | Fauna |
| Subdivisión geográfica | Colombia. |
| 650 ## - ENTRADA DE SUJETO AÑADIDO - TÉRMINO TÓPICO | |
| Término tópico o elemento de entrada del nombre geográfico | Parques nacionales |
| Subdivisión geográfica | Colombia. |
| 651 #4 - ENTRADA DE SUJETO AÑADIDO - NOMBRE GEOGRÁFICO | |
| Nombre geográfico | Amazonas (Región, Colombia) |
| Subdivisión general | Descripción. |
| 651 #4 - ENTRADA DE SUJETO AÑADIDO - NOMBRE GEOGRÁFICO | |
| Nombre geográfico | Orinoquía (Colombia) |
| Subdivisión general | Descripción. |
| 651 ## - ENTRADA DE SUJETO AÑADIDO - NOMBRE GEOGRÁFICO | |
| Nombre geográfico | Pacífico (Colombia) |
| Subdivisión general | Descripción. |
| 651 #4 - ENTRADA DE SUJETO AÑADIDO - NOMBRE GEOGRÁFICO | |
| Nombre geográfico | Andes (Región, Colombia) |
| Subdivisión general | Descripción. |
| 651 #4 - ENTRADA DE SUJETO AÑADIDO - NOMBRE GEOGRÁFICO | |
| Nombre geográfico | Caribe (Región, Colombia) |
| Subdivisión general | Descripción. |
| 700 1# - ENTRADA AGREGADA - NOMBRE PERSONAL | |
| Nombre de la persona | Castillo Brieva, Andrés, |
| Término del Relator | editor |
| 700 1# - ENTRADA AGREGADA - NOMBRE PERSONAL | |
| Nombre de la persona | Echeverry Atehortúa, Ángela. |
| 700 1# - ENTRADA AGREGADA - NOMBRE PERSONAL | |
| Nombre de la persona | Osorio Dussán, Clara Esperanza. |
| 700 1# - ENTRADA AGREGADA - NOMBRE PERSONAL | |
| Nombre de la persona | Niño Medina, David, |
| Término del Relator | ilustrador |
| 710 2# - ENTRADA AGREGADA - NOMBRE CORPORATIVO | |
| Nombre corporativo o nombre de jurisdicción como elemento de entrada | Instituto de Investigación de Recursos Biológicos Alexander von Humboldt. |
| 710 2# - ENTRADA AGREGADA - NOMBRE CORPORATIVO | |
| Nombre corporativo o nombre de jurisdicción como elemento de entrada | Unidad Administrativa Especial del Sistema de Parques Nacionales Naturales (Colombia) |
| 942 ## - ELEMENTOS DE ENTRADA AGREGADOS (KOHA) | |
| Fuente de clasificación o esquema de estanterías | Dewey Decimal Classification |
| Parte de clasificación | 918.61 E96e |
| Prefijo del número de llamada | 918.61 |
| Sufijo del número de llamada | E96e |
| Estado de retirada | Pérdida de estatus | Fuente de clasificación o esquema de estanterías | Estado dañado | No para préstamo | Código de recogida | Ubicación permanente | Ubicación actual | Ubicación de las estanterías | Fecha de adquisición | Total de Cajas | Número Topográfico | Código de barras | Precio efectivo desde | Número de copia | Fecha de la última vez que se vio | Tipo de artículo Koha |
|---|---|---|---|---|---|---|---|---|---|---|---|---|---|---|---|---|
| Dewey Decimal Classification | General | Biblioteca Pública Departamental Comfamiliar Risaralda | Biblioteca Pública Departamental Comfamiliar Risaralda | Área General | 13/12/2017 | 918.61 E96e | 1001963 | 13/12/2017 | Ej. 1 | 14/12/2018 | Libro |